[Event "Kupreichik Memorial Open 2018"]
[Site "Minsk"]
[Date "2018.06.21"]
[Round "2"]
[White "Badelka, Olga"]
[Black "Kovalev, Vladislav"]
[Result "1/2-1/2"]
[WhiteElo "2153"]
[BlackElo "2631"]
[Annotator "TA"]
[PlyCount "101"]
[EventDate "2018.06.21"]
[EventCountry "BLR"]
[SourceTitle "playchess.com"]
[Source "ChessBase"]
[SourceQuality "1"]

{[%evp 15,101,40,40,18,43,41,43,34,36,40,54,60,52,13,39,53,55,52,38,47,63,61,74,54,72,55,52,52,57,56,55,49,45,0,207,143,147,147,176,176,178,173,190,193,181,178,192,189,187,165,204,187,282,277,394,422,521,501,485,339,497,469,329,221,214,230,399,396,381,342,330,320,1053,1016,1119,1077,1073,1043,2042,1909,1641,0,686,0,1488,0,1162,1081]} 1. d4 Nf6 2. c4 g6 3. Nc3 Bg7 4. e4 d6 5. Nge2 O-O 6. Ng3 e5 7. d5 h5 8. Bg5 {E70: King's Indian: Miscellaneous lines with 4 e4, including 5 Nge2 and 5 Bd3 0-0 6 Nge2} (8. Be2 h4 9. Nf1 Nh7 10. h3 f5 11. Nh2 a5 12. O-O Na6 13. exf5 gxf5 14. f4 e4 15. Be3 Bd7 {0-1 (52) Bologan,V (2610)-Kovalev,V (2650) Poikovsky 2018}) 8... Qe8 {LiveBook: 8 Games} 9. h4 Na6 10. Be2 {White is slightly better.} Bd7 11. Qd2 Nh7 12. Bh6 Qe7 13. Bxg7 Kxg7 14. Nf1 $146 ({Predecessor:} 14. O-O-O Nc5 15. Rdg1 {0-1 (32) Anilkumar,A (1932)-Mulay,P (1815) Wakefield 2017}) 14... Nc5 15. Ne3 a5 16. O-O-O Nf6 17. f3 Rh8 18. Qc2 Ng8 19. g3 {[%cal Bg2g3,Bg3g4,Bg4g5][%mdl 32]} Rf8 20. Rde1 Nh6 $1 21. g4 $1 Ng8 22. g5 f5 23. exf5 Bxf5 24. Nxf5+ gxf5 $2 {[#]} (24... Rxf5 $11 {and Black is okay.} 25. Ne4 Nxe4 26. fxe4 (26. Qxe4 Rf4 $17) 26... Rf4) 25. a3 {[%cal Ba2a3,Ba3b4][%mdl 32]} Qf7 26. b4 axb4 27. axb4 Na6 28. Qb2 Ne7 29. f4 $1 Ng6 30. fxe5 dxe5 31. c5 Nb8 32. Bf3 Nd7 33. Nb5 Kg8 (33... Nf4 {keeps fighting.} 34. Qd2 Rc8) 34. Bd1 $18 (34. Nxc7 Nxc5 35. bxc5 Qxc7 $11) 34... Nf4 (34... Kh7 $142 35. Bb3 (35. Bxh5 Qxd5 36. Be2 Nf4 $16) (35. Nxc7 Nxc5 36. bxc5 Qxc7 $14) 35... Qe7) 35. Re3 Kh7 36. Bb3 Qg7 37. Rd1 (37. Nxc7 Nxc5 38. bxc5 Qxc7 $16) 37... Ng6 (37... e4 $142 38. Qxg7+ (38. Nxc7 Ne5 $16) 38... Kxg7 39. Nxc7 Ne5) 38. Nxc7 Nxc5 39. Ne6 Nxe6 40. dxe6 Rc8+ $2 (40... Re8 41. Red3 (41. Rd7 Re7 $16) 41... Re7) 41. Kb1 Rhd8 42. Red3 Rxd3 43. Rxd3 Rc7 $2 (43... Ne7 44. Rd7 b5) 44. Qd2 {[#] And now Rd7 would win.} Re7 45. Rd7 e4 46. Qd1 Nf4 47. Qd6 Ng6 48. Qd1 (48. Bd1 $142 Kh8 49. Bxh5) 48... Nf4 49. Qd6 (49. Qf1 $142 Ng6 50. Qxf5) 49... Ng6 $1 50. Qd1 Nf4 51. Qf1 {[%mdl 32768] Precision: White = 60%, Black = 42%. . An unexpected result.} 1/2-1/2

[Event "Kupreichik Memorial Open 2018"]
[Site "Minsk"]
[Date "2018.06.21"]
[Round "2"]
[White "Maslak, Alexander"]
[Black "Fedorov, Alexei"]
[Result "0-1"]
[WhiteElo "2127"]
[BlackElo "2577"]
[Annotator "TA"]
[PlyCount "64"]
[EventDate "2018.06.21"]
[EventCountry "BLR"]
[SourceTitle "playchess.com"]
[Source "ChessBase"]
[SourceQuality "1"]

{[%evp 26,64,14,0,0,0,30,0,0,0,0,0,-10,-9,0,0,0,0,92,0,0,0,-10,-54,-51,-61,-81,-419,-413,-529,-323,-622,-611,-1316,-1222,-1154,-881,-881,-874,-844,-851]} 1. e4 c5 2. Nf3 Nc6 3. d4 cxd4 4. Nxd4 Qb6 5. Nb3 Nf6 6. Nc3 e6 7. Be3 Qc7 8. a3 a6 9. f4 d6 10. Qf3 {B33: Sicilian: Pelikan and Sveshnikov Variations} (10. g4 b5 11. g5 Nd7 12. h4 Bb7 13. h5 Nb6 14. Qf3 b4 15. Qf2 bxc3 16. Bxb6 Qc8 17. bxc3 Be7 {1-0 (41) Bogner,S (2599)-Naiditsch,A (2702) Douglas 2017}) 10... b5 11. Bd3 Bb7 12. O-O Be7 13. Rae1 b4 14. axb4 {LiveBook: 3 Games} Nxb4 15. Qg3 g6 16. e5 Nfd5 17. Bd4 {[#] Black must now prevent exd6.} O-O 18. Ne4 dxe5 19. fxe5 $146 ({Predecessor:} 19. Bxe5 Qd8 20. Rd1 f6 21. Bd4 Nxd3 22. Rxd3 {0-1 (39) Joydev,S (2135)-Hegde,R (2355) Kolkata 1996}) 19... Nxd3 20. cxd3 Nb4 $1 21. Rc1 Qd7 (21... Qd8 $11 {remains equal.}) 22. Nf6+ (22. Nd6 $16 {Nc5 is the strong threat.} Bd5 23. Nc5) 22... Bxf6 $1 $11 23. exf6 {[#] Hoping for Rc4.} Qd5 24. Rf2 Qxb3 25. Qe3 $1 {[%cal Re3h6] Qh6 would kill now.} Kh8 $1 26. Qh6 $2 {[%mdl 8192]} (26. Rc7 $17 {was the crucial defense.} e5 27. Bc5) 26... Rg8 $19 27. Rc7 e5 28. Bc5 $2 (28. Rxb7 exd4 29. Qf4) 28... Nxd3 {Black is clearly winning.} 29. Rxb7 Qxb7 30. Rf3 Qxf3 31. gxf3 Nxc5 32. Qe3 Nd7 {Precision: White = 28%, Black = 84%.} 0-1

[Event "Kupreichik Memorial Open 2018"]
[Site "Minsk"]
[Date "2018.06.21"]
[Round "2"]
[White "Kalinin, Dmitry"]
[Black "Nikitenko, Mihail"]
[Result "0-1"]
[WhiteElo "2119"]
[BlackElo "2401"]
[Annotator "NA"]
[PlyCount "66"]
[EventDate "2018.06.21"]
[EventCountry "BLR"]
[SourceTitle "playchess.com"]
[Source "ChessBase"]
[SourceQuality "1"]
[TimeControl "900+10"]

1. d4 {[%emt 0:00:00]} d5 {[%emt 0:00:02]} 2. c4 {[%emt 0:00:00]} c6 {[%emt 0:00:02]} 3. Nc3 {[%emt 0:00:05]} Nf6 {[%emt 0:00:01]} 4. Nf3 {[%emt 0:00:22]} dxc4 {[%emt 0:00:02]} 5. a4 {[%emt 0:00:01]} Bf5 {[%emt 0:00:03]} 6. e3 {[%emt 0:00:05]} e6 {[%emt 0:00:01]} 7. Bxc4 {[%emt 0:00:03]} Bb4 {[%emt 0:00:02]} 8. O-O {[%emt 0:00:22]} Nbd7 {[%emt 0:00:02]} 9. h3 {[%emt 0:00:24]} Bg6 {[%emt 0:00:27]} 10. Qb3 {[%emt 0:00:29]} a5 {[%emt 0:00:44]} 11. Ne5 {[%emt 0:00:46]} Nxe5 {[%emt 0:00:34]} 12. dxe5 {[%emt 0:00:02]} Nd7 {[%emt 0:00:01]} 13. Rd1 {[%emt 0:00:50]} Qc7 {[%emt 0:01:20]} 14. e4 {[%emt 0:05:35]} Qxe5 {[%emt 0:00:56]} 15. Be3 {[%emt 0:02:14]} Nc5 {[%emt 0:01:05]} 16. Bxc5 {[%emt 0:02:21]} Qxc5 {[%emt 0:00:27]} 17. Nb5 {[%emt 0:01:00]} O-O {[%emt 0:01:06]} 18. Nd6 {[%emt 0:00:32]} Qe5 {[%emt 0:00:44]} 19. Qd3 {[%emt 0:01:18]} Rad8 {[%emt 0:01:44]} 20. Nxf7 {[%emt 0:00:08]} Kxf7 {[%emt 0:00:08]} 21. Qxd8 {[%emt 0:00:09]} Rxd8 {[%emt 0:00:02]} 22. Rxd8 {[%emt 0:00:01]} Bxe4 {[%emt 0:00:05]} 23. Rad1 {[%emt 0:00:45]} Bd5 {[%emt 0:00:04]} 24. Bxd5 {[%emt 0:00:40]} exd5 {[%emt 0:00:47]} 25. Rd7+ {[%emt 0:00:06]} Ke6 {[%emt 0:00:49]} 26. Rxb7 {[%emt 0:00:18]} Qe2 {[%emt 0:00:07]} 27. Rc1 {[%emt 0:00:09]} Kd6 {[%emt 0:00:08]} 28. Rb6 {[%emt 0:00:06]} Bc5 {[%emt 0:00:03]} 29. Rb3 {[%emt 0:00:08]} Bxf2+ {[%emt 0:00:30]} 30. Kh1 {[%emt 0:00:01]} Be3 {[%emt 0:00:01]} 31. Ra1 {[%emt 0:00:21]} d4 {[%emt 0:00:02]} 32. Rb8 {[%emt 0:00:28]} d3 {[%emt 0:00:02]} 33. Rf8 {[%emt 0:00:08]} d2 {[%emt 0:00:09]} 0-1

[Event "Kupreichik Memorial Open 2018"]
[Site "Minsk"]
[Date "2018.06.21"]
[Round "2"]
[White "Fedotov, Konstantin"]
[Black "Arzumanian, Georgy"]
[Result "1-0"]
[WhiteElo "2090"]
[BlackElo "2474"]
[Annotator "TA"]
[PlyCount "75"]
[EventDate "2018.06.21"]
[EventCountry "BLR"]
[SourceTitle "playchess.com"]
[Source "ChessBase"]
[SourceQuality "1"]

{[%evp 9,75,26,62,39,54,47,47,39,43,0,-1,-98,-70,-79,-63,-109,-107,-84,-105,-114,-98,-121,-90,-85,2,-16,-27,-18,33,37,22,35,20,-67,-70,-67,0,0,0,-33,-16,-50,131,143,193,163,176,153,176,181,181,175,186,186,177,169,192,154,161,130,864,832,719,725,856,810,747,678]} 1. e4 d6 2. d4 Nf6 3. Nc3 e5 4. Nge2 Nbd7 5. h3 exd4 6. Qxd4 {B07: Pirc Defence: Miscellaneous Systems} g6 $146 ({Predecessor:} 6... Be7 7. g4 Ne5 8. Bg2 Ng6 9. Rg1 h6 10. b3 Bd7 11. Bb2 c5 12. Qd2 Bc6 {1-0 (24) Georgiev,K (2677)-Elbilia,J (2333) Turin 2006}) 7. Bg5 h6 8. Bh4 {White is slightly better.} Bg7 9. Qe3 O-O 10. Nd4 (10. O-O-O $11) 10... Re8 11. O-O-O d5 $1 {Threatens to win with ...c5.} 12. f4 ({But not} 12. Nxd5 $2 Nxd5 13. exd5 g5 $19) 12... c5 $1 {[%cal Rc5d4]} 13. Ndb5 d4 14. Nxd4 cxd4 15. Rxd4 {and if e5 works, White does fine.} Qb6 16. Bf2 {[#]} Nf8 (16... Nh5 $1 $17 17. e5 {[#]} Nxe5 $1 {[%mdl 512]} 18. fxe5 Bxe5) 17. Qd2 Ne6 18. e5 $1 {[%cal Re5f6]} Nh7 ({Better is} 18... Nxd4 $11 19. Bxd4 Qe6 20. exf6 Bxf6 21. Bxf6 Qxf6) 19. Rd6 $14 {[%mdl 1024] White has compensation.} Qa5 20. Rd5 $1 {[%cal Rd5a5]} Qb4 21. g3 (21. Be3 $11) 21... b6 $1 $15 22. Bb5 {[%cal Bf1b5,Bb5c6,Bc6d5][%mdl 32]} Rf8 (22... Bb7 $15 23. Bxe8 Rxe8) 23. Bc6 Rb8 24. a3 Qe7 25. Rd1 Qc7 $2 (25... f6 $15 {keeps the upper hand.} 26. Qe2 Nd8) 26. Rd6 $16 f5 27. Nb5 Qe7 28. Bd5 Re8 29. Nd4 Nhf8 30. Nc6 Qc7 31. Nxb8 Qxb8 32. Qb4 $36 {[%mdl 2048] Black is under strong pressure.} Kh7 33. Bc6 Re7 34. R6d3 Ba6 $2 {[%mdl 8192]} (34... Rc7 $16) 35. Qxe7 $18 {White is clearly winning.} Bxd3 36. Rxd3 Qc8 37. Bd7 Qb7 38. Qd6 {Precision: White = 52%, Black = 34%.} 1-0

[Event "Kupreichik Memorial Open 2018"]
[Site "Minsk"]
[Date "2018.06.21"]
[Round "2"]
[White "Shaban, Alena"]
[Black "Sukalina, Alina"]
[Result "1-0"]
[WhiteElo "2027"]
[BlackElo "1673"]
[Annotator "NA"]
[PlyCount "123"]
[EventDate "2018.06.21"]
[EventCountry "BLR"]
[SourceTitle "playchess.com"]
[Source "ChessBase"]
[SourceQuality "1"]
[TimeControl "900+10"]

1. Nf3 {[%emt 0:00:00]} d5 {[%emt 0:00:07]} 2. g3 {[%emt 0:00:00]} Nf6 {[%emt 0:00:10]} 3. Bg2 {[%emt 0:00:00]} c6 {[%emt 0:00:27]} 4. O-O {[%emt 0:00:07]} Nbd7 {[%emt 0:01:34]} 5. d3 {[%emt 0:00:02]} e5 {[%emt 0:00:50]} 6. c3 {[%emt 0:00:33]} Bd6 {[%emt 0:00:29]} 7. Qc2 {[%emt 0:00:09]} O-O {[%emt 0:02:17]} 8. e4 {[%emt 0:00:10]} dxe4 {[%emt 0:01:03]} 9. dxe4 {[%emt 0:00:02]} Nc5 {[%emt 0:00:10]} 10. Nbd2 {[%emt 0:00:41]} b5 {[%emt 0:00:36]} 11. b4 {[%emt 0:01:08]} Na4 {[%emt 0:02:01]} 12. Rd1 {[%emt 0:00:49]} Qc7 {[%emt 0:00:04]} 13. c4 {[%emt 0:02:07]} Bxb4 {[%emt 0:00:54]} 14. cxb5 {[%emt 0:00:17]} Nc3 {[%emt 0:00:57]} 15. Qb3 {[%emt 0:04:09]} Nxd1 {[%emt 0:01:12]} 16. Qxb4 {[%emt 0:00:08]} Nxf2 {[%emt 0:00:16]} 17. Ba3 {[%emt 0:00:51]} c5 {[%emt 0:04:25]} 18. Qxc5 {[%emt 0:00:13]} Qxc5 {[%emt 0:00:02]} 19. Bxc5 {[%emt 0:00:02]} Nd3 {[%emt 0:00:30]} 20. Bxf8 {[%emt 0:00:19]} Kxf8 {[%emt 0:00:01]} 21. Bf1 {[%emt 0:00:13]} Nc5 {[%emt 0:00:21]} 22. Nxe5 {[%emt 0:00:19]} Bb7 {[%emt 0:00:11]} 23. Rc1 {[%emt 0:00:47]} Ncxe4 {[%emt 0:00:06]} 24. Rc7 {[%emt 0:00:25]} Nd6 {[%emt 0:00:10]} 25. a4 {[%emt 0:00:25]} Rc8 {[%emt 0:00:06]} 26. Rxc8+ Nxc8 {[%emt 0:00:07]} 27. Kf2 {[%emt 0:00:29]} Ke8 {[%emt 0:00:19]} 28. Ke3 {[%emt 0:00:05]} Nd7 {[%emt 0:00:02]} 29. Nc6 {[%emt 0:00:13]} Ndb6 {[%emt 0:00:17]} 30. a5 {[%emt 0:00:17]} Nd5+ {[%emt 0:00:04]} 31. Kd4 {[%emt 0:00:06]} Nde7 {[%emt 0:00:02]} 32. Kc5 {[%emt 0:00:11]} Kd7 {[%emt 0:00:13]} 33. Bh3+ {[%emt 0:00:38]} Kc7 {[%emt 0:00:20]} 34. Nc4 {[%emt 0:01:41]} Bxc6 {[%emt 0:00:14]} 35. bxc6 {[%emt 0:00:03]} f5 {[%emt 0:00:07]} 36. Ne5 {[%emt 0:00:14]} Nd6 {[%emt 0:00:06]} 37. Bg2 {[%emt 0:00:25]} g5 {[%emt 0:00:11]} 38. Nf3 {[%emt 0:00:14]} Ne4+ {[%emt 0:00:05]} 39. Kb5 {[%emt 0:00:16]} Nd6+ {[%emt 0:00:11]} 40. Ka6 {[%emt 0:00:24]} Nxc6 {[%emt 0:00:03]} 41. Nxg5 {[%emt 0:00:07]} h6 {[%emt 0:00:21]} 42. Ne6+ {[%emt 0:00:06]} Kd7 {[%emt 0:00:01]} 43. Nc5+ {[%emt 0:00:06]} Kc7 {[%emt 0:00:04]} 44. Ne6+ {[%emt 0:00:04]} Kd7 {[%emt 0:00:00]} 45. Bxc6+ {[%emt 0:00:08]} Kxc6 {[%emt 0:00:01]} 46. Kxa7 {[%emt 0:00:03]} Kd5 {[%emt 0:00:30]} 47. Ng7 {[%emt 0:00:19]} Ke4 {[%emt 0:00:22]} 48. a6 {[%emt 0:00:03]} Nc8+ {[%emt 0:00:16]} 49. Kb7 {[%emt 0:00:04]} Nd6+ {[%emt 0:00:01]} 50. Kc6 {[%emt 0:00:02]} Nc8 {[%emt 0:00:03]} 51. Ne8 {[%emt 0:00:25]} Na7+ {[%emt 0:00:00]} 52. Kb6 {[%emt 0:00:00]} Nc8+ {[%emt 0:00:00]} 53. Kc7 {[%emt 0:00:00]} Na7 {[%emt 0:00:00]} 54. Nd6+ {[%emt 0:00:02]} Ke5 {[%emt 0:00:00]} 55. Nf7+ {[%emt 0:00:03]} Ke4 {[%emt 0:00:00]} 56. Nxh6 {[%emt 0:00:05]} f4 {[%emt 0:00:00]} 57. gxf4 {[%emt 0:00:02]} Kxf4 {[%emt 0:00:00]} 58. Nf7 {[%emt 0:00:04]} Kg4 {[%emt 0:00:38]} 59. Nd6 {[%emt 0:00:02]} Kh3 {[%emt 0:00:02]} 60. Kb7 {[%emt 0:00:02]} Nb5 {[%emt 0:00:02]} 61. Nxb5 {[%emt 0:00:02]} Kxh2 {[%emt 0:00:02]} 62. a7 {[%emt 0:00:00]} 1-0

[Event "Kupreichik Memorial Open 2018"]
[Site "Minsk"]
[Date "2018.06.21"]
[Round "2"]
[White "Tsaruk, Maksim"]
[Black "Zhukova, Natalia"]
[Result "1-0"]
[WhiteElo "1980"]
[BlackElo "2356"]
[Annotator "NA"]
[PlyCount "81"]
[EventDate "2018.06.21"]
[EventCountry "BLR"]
[SourceTitle "playchess.com"]
[Source "ChessBase"]
[SourceQuality "1"]
[TimeControl "900+10"]

1. e4 {[%emt 0:00:00]} e5 {[%emt 0:00:04]} 2. Nf3 {[%emt 0:00:00]} Nc6 {[%emt 0:00:02]} 3. Bb5 {[%emt 0:00:15]} a6 {[%emt 0:00:03]} 4. Ba4 {[%emt 0:00:16]} b5 {[%emt 0:00:06]} 5. Bb3 {[%emt 0:00:03]} g6 {[%emt 0:00:03]} 6. O-O {[%emt 0:00:15]} Bg7 {[%emt 0:00:05]} 7. c3 {[%emt 0:00:04]} Nge7 {[%emt 0:00:14]} 8. d4 {[%emt 0:00:05]} exd4 {[%emt 0:00:02]} 9. cxd4 {[%emt 0:00:06]} O-O {[%emt 0:00:05]} 10. Nc3 {[%emt 0:01:15]} d6 {[%emt 0:00:03]} 11. h3 {[%emt 0:00:25]} Na5 {[%emt 0:00:21]} 12. Bc2 {[%emt 0:00:09]} c5 {[%emt 0:00:23]} 13. Rb1 {[%emt 0:02:30]} cxd4 {[%emt 0:00:36]} 14. Nxd4 {[%emt 0:00:04]} Bb7 {[%emt 0:00:02]} 15. Bg5 {[%emt 0:03:37]} h6 {[%emt 0:00:22]} 16. Bh4 {[%emt 0:01:05]} Rc8 {[%emt 0:00:20]} 17. Nde2 {[%emt 0:03:54]} Nc4 {[%emt 0:04:18]} 18. Bb3 {[%emt 0:01:39]} Qd7 {[%emt 0:00:53]} 19. Bg3 {[%emt 0:01:34]} Rfd8 {[%emt 0:00:23]} 20. Bxc4 {[%emt 0:00:01]} Rxc4 {[%emt 0:00:04]} 21. Qd3 {[%emt 0:00:16]} Qc8 {[%emt 0:06:22]} 22. f3 {[%emt 0:00:53]} d5 {[%emt 0:01:37]} 23. Rbd1 {[%emt 0:00:01]} d4 {[%emt 0:01:40]} 24. Bf2 {[%emt 0:00:09]} Nc6 {[%emt 0:00:16]} 25. Nd5 {[%emt 0:00:03]} Rxd5 {[%emt 0:00:36]} 26. exd5 {[%emt 0:00:01]} Ne5 {[%emt 0:00:13]} 27. Qd2 {[%emt 0:00:15]} Rc2 {[%emt 0:00:08]} 28. Qe1 {[%emt 0:00:26]} d3 {[%emt 0:00:12]} 29. Nd4 {[%emt 0:00:01]} Rxb2 {[%emt 0:00:06]} 30. Rd2 {[%emt 0:00:26]} Rxd2 {[%emt 0:00:18]} 31. Qxd2 {[%emt 0:00:01]} Bxd5 {[%emt 0:00:01]} 32. f4 {[%emt 0:00:02]} Nc4 {[%emt 0:00:15]} 33. Qxd3 {[%emt 0:00:10]} Ba8 {[%emt 0:00:10]} 34. Nf3 Kh7 35. Re1 {[%emt 0:00:20]} Qb7 {[%emt 0:00:13]} 36. h4 {[%emt 0:00:18]} Qc7 {[%emt 0:00:11]} 37. f5 {[%emt 0:00:09]} Nb2 {[%emt 0:00:21]} 38. fxg6+ {[%emt 0:00:09]} fxg6 {[%emt 0:00:01]} 39. Qe2 {[%emt 0:00:19]} Qf4 {[%emt 0:00:19]} 40. Be3 {[%emt 0:00:09]} Qg4 {[%emt 0:00:05]} 41. Ng5+ {[%emt 0:00:02]} 1-0

[Event "Kupreichik Memorial Open 2018"]
[Site "Minsk"]
[Date "2018.06.21"]
[Round "2"]
[White "Zhukovskij, Viktor"]
[Black "Kalugin, Sergey G"]
[Result "1-0"]
[WhiteElo "1973"]
[BlackElo "2334"]
[Annotator "NA"]
[PlyCount "113"]
[EventDate "2018.06.21"]
[EventCountry "BLR"]
[SourceTitle "playchess.com"]
[Source "ChessBase"]
[SourceQuality "1"]
[TimeControl "900+10"]

1. e4 {[%emt 0:00:00]} c5 {[%emt 0:00:02]} 2. Nf3 {[%emt 0:00:00]} Nc6 {[%emt 0:00:01]} 3. Bb5 {[%emt 0:00:00]} d6 {[%emt 0:00:01]} 4. Bxc6+ {[%emt 0:00:00]} bxc6 {[%emt 0:00:01]} 5. O-O {[%emt 0:00:04]} g6 {[%emt 0:01:15]} 6. c3 {[%emt 0:00:40]} Bg7 {[%emt 0:00:29]} 7. h3 {[%emt 0:00:22]} Nf6 {[%emt 0:00:28]} 8. Re1 {[%emt 0:00:03]} O-O {[%emt 0:00:37]} 9. d4 {[%emt 0:00:22]} cxd4 {[%emt 0:00:06]} 10. cxd4 {[%emt 0:00:01]} Rb8 {[%emt 0:00:37]} 11. Nc3 {[%emt 0:00:23]} Nd7 {[%emt 0:00:20]} 12. Qc2 {[%emt 0:00:43]} c5 {[%emt 0:00:15]} 13. Be3 {[%emt 0:00:38]} Bb7 {[%emt 0:01:38]} 14. Rad1 {[%emt 0:03:38]} Qa5 {[%emt 0:00:29]} 15. dxc5 {[%emt 0:03:09]} Nxc5 {[%emt 0:00:02]} 16. Bd4 {[%emt 0:00:02]} Ne6 {[%emt 0:04:46]} 17. Bxg7 {[%emt 0:00:46]} Nxg7 {[%emt 0:00:10]} 18. Nd4 {[%emt 0:01:58]} Rfc8 {[%emt 0:00:06]} 19. Qa4 {[%emt 0:00:33]} Qxa4 {[%emt 0:00:23]} 20. Nxa4 {[%emt 0:00:01]} Ne6 {[%emt 0:01:41]} 21. Nxe6 {[%emt 0:01:37]} fxe6 {[%emt 0:00:01]} 22. Rd2 {[%emt 0:00:47]} e5 {[%emt 0:00:29]} 23. f3 {[%emt 0:00:14]} Kf7 {[%emt 0:00:03]} 24. Kf2 {[%emt 0:00:50]} Rc7 {[%emt 0:01:11]} 25. Nc3 {[%emt 0:00:15]} Rc5 {[%emt 0:00:02]} 26. Red1 {[%emt 0:00:11]} Rbc8 {[%emt 0:00:21]} 27. Ke3 {[%emt 0:00:29]} Ba6 {[%emt 0:00:26]} 28. Rd5 {[%emt 0:00:09]} Bb7 {[%emt 0:00:23]} 29. Rxc5 {[%emt 0:00:05]} Rxc5 {[%emt 0:00:01]} 30. Rd2 {[%emt 0:00:39]} Ke6 {[%emt 0:00:03]} 31. Kd3 {[%emt 0:00:20]} Ba6+ {[%emt 0:00:15]} 32. Kc2 {[%emt 0:00:01]} Kd7 {[%emt 0:00:13]} 33. b4 {[%emt 0:00:08]} Rc8 {[%emt 0:00:02]} 34. a4 {[%emt 0:00:07]} Bc4 {[%emt 0:00:09]} 35. Kb2 {[%emt 0:00:01]} Rb8 {[%emt 0:00:53]} 36. Ka3 {[%emt 0:00:05]} a5 {[%emt 0:00:46]} 37. b5 {[%emt 0:00:10]} e6 {[%emt 0:00:01]} 38. Nd1 {[%emt 0:00:12]} Rc8 {[%emt 0:00:32]} 39. Ne3 {[%emt 0:00:08]} Bxb5 {[%emt 0:00:02]} 40. axb5 {[%emt 0:00:13]} Rc3+ {[%emt 0:00:01]} 41. Ka4 {[%emt 0:00:01]} Rxe3 {[%emt 0:00:02]} 42. Kxa5 {[%emt 0:00:00]} Kc7 {[%emt 0:00:14]} 43. b6+ {[%emt 0:00:31]} Kb7 {[%emt 0:00:12]} 44. Rxd6 {[%emt 0:00:03]} Ra3+ {[%emt 0:00:01]} 45. Kb5 {[%emt 0:00:01]} Rb3+ {[%emt 0:00:01]} 46. Kc5 {[%emt 0:00:01]} Rc3+ {[%emt 0:00:06]} 47. Kb4 {[%emt 0:00:12]} Rc2 {[%emt 0:00:01]} 48. Rxe6 {[%emt 0:00:16]} Rxg2 {[%emt 0:00:02]} 49. Kb5 {[%emt 0:00:04]} Rb2+ {[%emt 0:00:15]} 50. Kc5 {[%emt 0:00:01]} Rc2+ {[%emt 0:00:02]} 51. Kd5 {[%emt 0:00:05]} Rf2 {[%emt 0:00:08]} 52. Rf6 {[%emt 0:00:04]} Rh2 {[%emt 0:00:07]} 53. Rf7+ {[%emt 0:00:12]} Kxb6 {[%emt 0:00:01]} 54. Rxh7 {[%emt 0:00:01]} Rf2 {[%emt 0:00:13]} 55. Rf7 {[%emt 0:00:01]} Rh2 {[%emt 0:00:03]} 56. Kxe5 {[%emt 0:00:03]} Rxh3 {[%emt 0:00:01]} 57. f4 {[%emt 0:00:04]} 1-0